00402nam a2200181Ia 4500008004000000041000800040082001100048100001100059245005200070260001500122650000700137650001300144650001200157650001500169650001200184650001300196700001100209210210b1963 xxu||||| |||| 00| 0 eng d aeng a423/18 aHORNBY aAdvanced learners dictionary of current English a-b-c1963 aof alearners aEnglish adictionary acurrent aAdvanced aOthers